000 00500nam a2200205Ia 4500
008 210210b2006 xxu||||| |||| 00| 0 eng d
020 _a0415332818
041 _aeng
082 _a510.2433 WERM
100 _aWERNER (Frank)
245 _aMathematics of economics and business
260 _aLondon
_bRoutledge
_c2006
300 _axvii,516
650 _aMathematics
650 _aeconomics
650 _abusiness
690 _aEconometrics
700 _aSOTSKOV (Yuri N)
906 _a073786
999 _c123554
_d123554